000 00784nam a2200265Ia 4500
001 Para_8446
003 CHAP
008 220125s9999 xx 000 0 und d
010 _a207289
040 _cCHAP
082 _aPA-C 595.752 A6
100 _aKnowlton, George F.
_963559
245 _aSome Utah aphids /
_c by George F. Knowlton
300 _a2 p.
440 _aAphidae; 14
_9173807
500 _aSobretiro de: Utah academic Science 9: 109-110, 1932. Encuadernado con otros impresos similares
650 _a
_x Afididos
_x Colecciones de escritos
_x Afididos
_x Utah
_9172937
901 _aPA-C 595.752 A6
902 _aA
905 _a000000 0000000000 00
910 _a
942 _cPARA
942 _cPARA
_d1
999 _c207289
_d207289